MARC

LEADER 00000nam0a2200000 4500
001 332404
005 20231102004443.0
035 |a (RuTPU)RU\TPU\book\358337 
090 |a 332404 
100 |a 20170522d1954 km y0rusy50 ca 
101 0 |a rus 
102 |a RU 
105 |a a z 001zy 
200 1 |a Ускоренные методы анализа угля  |f Н. М. Двужильная [и др.] 
210 |a Москва  |c Углетехиздат  |d 1954 
215 |a 60 с.  |c ил. 
320 |a Библиография в конце глав 
606 1 |a Руды  |x Анализ  |2 stltpush  |3 (RuTPU)RU\TPU\subj\26065  |9 50077 
610 1 |a уголь 
610 1 |a методы 
610 1 |a влага 
610 1 |a содержание 
610 1 |a зольность 
610 1 |a сера 
610 1 |a контроль качества 
610 1 |a шахты 
610 1 |a обогатительные фабрики 
675 |a 622.7.016  |v 4 
701 1 |a Двужильная  |b Н. М. 
701 1 |a Иванова  |b Н. В. 
701 1 |a Лифшиц  |b М. М. 
701 1 |a Миненко  |b О. А. 
801 1 |a RU  |b 63413507  |c 20170522 
801 2 |a RU  |b 63413507  |c 20170523  |g RCR 
942 |c BK